Нормален изглед
MARC изглед
- Courier, P. L.
Вход 01. Лично име
001 - Контролен номер на записа
- Контролно поле: 435983
003 - Код на организацията, даваща контролен номер
- Контролно поле: BLK
005 - Дата и час на последна промяна на записа
- Контролно поле: 20201106081336.0
008 - Данни с фиксирана дължина – обща информация
- Данни с фиксирана дължина : 201106|| aca||aabn | a|a d
100 ## - ИМЕ НА ЛИЦЕ -ПЪРВИЧНА ИНТЕЛЕКТУАЛНА ОТГОВОРНОСТ
- Лично име: Courier, P. L.
942 ## - Системна служебна употреба
- Koha auth type: PERSO_NAME